000
00292nam a2200133Ia 4500
100
_a
Halsall/ Fred
942
_c
BK
654
_a
communication
245
_a
Data communications
260
_b
Addison Wesley Pub
_a
Wokington
_c
1992
082
_a
4.6
_b
HAL
300
_a
772
546
_a
ENGLISH
999
_c
31737
_d
31737